| 000 -LEADER |
| fixed length control field |
00462nam a2200169Ia 4500 |
| 001 - CONTROL NUMBER |
| control field |
12121 |
| 003 - CONTROL NUMBER IDENTIFIER |
| control field |
GE_BSU |
| 008 - FIXED-LENGTH DATA ELEMENTS--GENERAL INFORMATION |
| fixed length control field |
181216s||||||||xx |||||||||||||| ||und|| |
| 040 ## - CATALOGING SOURCE |
| Transcribing agency |
GE_BSU |
| 245 ## - TITLE STATEMENT |
| Title |
Клиническая медицина.Том 92. №8 2014. |
| 245 ## - TITLE STATEMENT |
| Statement of responsibility, etc. |
Гл. ред. В.Б.Симоненко. |
| 260 ## - PUBLICATION, DISTRIBUTION, ETC. |
| Place of publication, distribution, etc. |
Москва |
| 260 ## - PUBLICATION, DISTRIBUTION, ETC. |
| Date of publication, distribution, etc. |
2014 |
| 300 ## - PHYSICAL DESCRIPTION |
| Extent |
80 стр.29 см. |
| 653 ## - INDEX TERM--UNCONTROLLED |
| Uncontrolled term |
Клиническая медицина |
| 942 ## - ADDED ENTRY ELEMENTS (KOHA) |
| Koha item type |
პერიოდიკა |